iTunes Top 100 (2:45am ET) 04/15/2023 - Statistics

General Stats
  • This quiz has been taken 3 times
  • The average score is 2 of 100
Answer Stats
Artist(s) Title % Correct
Morgan Wallen Last Night
67%
OneRepublic I Ain't Worried
33%
Sabaton 1916
0%
Luke Combs 5 Leaf Clover
0%
Metallica 72 Seasons
0%
Taylor Swift All Of The Girls You Loved Before
0%
Taylor Swift Anti-Hero
0%
Harry Styles As It Was
0%
David Guetta / Anne-Marie / Coi Leray Baby Don't Hurt Me
0%
benny blanco / BTS / Snoop Dogg Bad Decisions
0%
Will Dempsey Beat You There
0%
Lady Gaga Bloody Mary
0%
PinkPantheress / Ice Spice Boy's a liar, Pt. 2
0%
Boney James Butter
0%
Rema / Selena Gomez Calm Down
0%
Morgan Wallen Chasin' You
0%
Post Malone Chemical
0%
Morgan Wallen / ERNEST Cowgirls
0%
Shenseea Curious
0%
Brett Young Dance With You
0%
Tyler Hubbard Dancin' In The Country
0%
David Kushner Daylight
0%
KINGDOM Dystopia
0%
Eslabon Armado / Peso Pluma Ella Baila Sola
0%
RAYE / 070 Shake Escapism.
0%
Ed Sheeran Eyes Closed
0%
Luke Combs | Tracy Chapman Fast Car
0%
Toosii Favorite Song
0%
Michael Bublé Fever
0%
Consumed By Fire First Things First
0%
Miley Cyrus Flowers
0%
DVS 7.0 / Ito Da Truth Free Miles Guo
0%
Michael Ray Get Her Back
0%
Megan Moroney Girl in the Mirror
0%
Dierks Bentley Gold
0%
JVKE golden hour
0%
Parker McCollum Handle On You
0%
NF HAPPY
0%
Lainey Wilson Heart Like A Truck
0%
Cody Johnson Human
0%
Metallica If Darkness Had a Son
0%
Lee Ann Womack I Hope You Dance
0%
SZA | SZA / Doja Cat Kill Bill
0%
Yng Lvcas / Peso Pluma La Bebe
0%
Taylor Swift Lavender Haze
0%
Gasteiz Big Band Life's Incredible Again
0%
Jimin | Jimin (English Version) Like Crazy
0%
LINKIN PARK Lost
0%
Céline Dion Love Again
0%
Luke Combs Love You Anyway
0%
Cannons Loving You
0%
Metallica Lux Æterna
0%
Meghan Trainor Made You Look
0%
Kelly Clarkson me
0%
Kelly Clarkson mine
0%
Russ (Extended Version) NASTY
0%
Jelly Roll NEED A FAVOR
0%
Jordan Davis Next Thing You Know
0%
Zach Bryan Oklahoma Smokeshow
0%
Morgan Wallen One Thing At A Time
0%
Jack Black Peaches
0%
Agust D / IU People Pt.2
0%
Coi Leray Players
0%
Peso Pluma / Natanael Cano PRC
0%
Ice Spice / Nicki Minaj Princess Diana
0%
Dirty Heads Rescue Me
0%
Duke Ellington Rhapsody In Blue
0%
Bailey Zimmerman Rock and a Hard Place
0%
Jelly Roll Save Me
0%
Drake Search & Rescue
0%
Daughtry / Lzzy Hale Separate Ways
0%
Cole Swindell She Had Me At Heads Carolina
0%
Zach Bryan (Z&E's Version) Something in the Orange
0%
Jelly Roll Son Of A Sinner
0%
Zhang Zhe Han Stars Light You Up
0%
Miguel Sure Thing
0%
Megan Moroney Tennessee Orange
0%
Chris Stapleton Tennessee Whiskey
0%
Kane Brown / Katelyn Brown Thank God
0%
Lauren Daigle Thank God I Do
0%
Luke Combs The Kind of Love We Make
0%
Morgan Wallen Thinkin' Bout Me
0%
Morgan Wallen Thought You Should Know
0%
AC/DC Thunderstruck
0%
Cody Johnson 'Til You Can't
0%
P!nk TRUSTFALL
0%
Sam Smith / Kim Petras Unholy
0%
Jelly Roll / Yelawolf Unlive
0%
Sia Unstoppable
0%
Jonas Brothers Waffle House
0%
HARDY / Lainey Wilson wait in the truck
0%
Morgan Wallen Wasted On You
0%
Morgan Wallen Whiskey Glasses
0%
Lewis Capaldi Wish You The Best
0%
Morgan Wallen You Proof
0%
No matching quizzes found
Score Distribution
Percent of People with Each Score
Percentile by Number Answered
Your Score History
You have not taken this quiz